Normal view
MARC view
- Nano Science & Engineering - MS - Thesis
Entry Topical Term
001 - CONTROL NUMBER
- control field: 16381
003 - CONTROL NUMBER IDENTIFIER
- control field: NUST
005 - DATE AND TIME OF LATEST TRANSACTION
- control field: 20190702095231.0
008 - FIXED-LENGTH DATA ELEMENTS
- fixed length control field: 190702|| aca||aabn | a|a d
040 ## - CATALOGING SOURCE
- Original cataloging agency: NUST
- Transcribing agency: NUST
150 ## - HEADING--TOPICAL TERM
- Topical term or geographic name entry element: Nano Science & Engineering - MS - Thesis
670 ## - SOURCE DATA FOUND
- Source citation: Work cat.: (NUST): Momena Khan 16380, ZnO/MWCNTs/GO Nanocomposite for the Removal of Hexavalent Chromium from Aqueous Solution, 2018.
